000 00247nam a22000857a 4500
008 231128b |||||||| |||| 00| 0 eng d
100 _aZiefert, Harriet
_eAutor
_943014
245 _a¡Mamá quiero dormir en tu cama! /
_cHarriet Ziefert
942 _2ddc
999 _c30441
_d16825